| 000 | 00913nam a22002297a 4500 | ||
|---|---|---|---|
| 999 |
_c64489 _d64489 |
||
| 005 | 20240530110734.0 | ||
| 008 | 180703s2012 ua g b 00| 0dara d | ||
| 017 |
_a 2009/8/3833 _bالمملكة الاردنية الهاشمية . دائرة المكتبة الوطنية |
||
| 020 | _a9789957324759 | ||
| 040 |
_aEG-CaGPL _cEG-CaGPL |
||
| 082 | 0 | 4 |
_221 _a101 / _bم م |
| 100 | 0 | _aمحمد احمد عواد | |
| 245 | 1 | 0 |
_aمحاولة اولى للاقتراب من الفلسفة المتوازنة / _cمحمد احمد عواد |
| 260 |
_aعمان : _c2010. _bدار الحامد للنشر والتوزيع، |
||
| 300 |
_a350 ؛ _c24 سم. |
||
| 504 | _aيشتمل على ارجاعات ببليوجرافية | ||
| 650 | 0 | 7 |
_2qrmak _aالفلسفة |
| 650 |
_2qrmak _aالاحوال الاجتماعية |
||
| 651 | _2qrmak | ||
| 942 |
_2ddc _cBK |
||